000 00466nam a2200181Ia 4500
001 23787
005 20260414151000.0
008 260414t1960||||xx |||||||||||||| ||spa||
041 _aESP
082 _a709.04
_bR31
100 _aRead, Herbert,
_eAUT
245 0 _aArt now :
_bn introduction to the theory of modern painting and sculpture
260 _c1960
300 _a128 páginas :
_c20 cm.
650 _aABD
654 _aCAU
942 _cLIB
_dJUS
_fJUS
_2ddc
_n
999 _c23787
_d23787